[Event "Norway Chess 4th"]
[Site "Stavanger"]
[Date "2016.04.28"]
[Round "8"]
[White "Kramnik, Vladimir"]
[Black "Harikrishna, Pentala"]
[Result "1-0"]
[WhiteElo "2801"]
[BlackElo "2763"]
[Annotator "Stohl,Igor"]
[PlyCount "93"]
[EventDate "2016.04.19"]
[EventType "tourn"]
[EventRounds "9"]
[EventCountry "NOR"]
[EventCategory "21"]
[SourceTitle "CBM 172"]
[Source "ChessBase"]
[SourceDate "2016.05.12"]
[SourceVersion "1"]
[SourceVersionDate "2016.05.12"]
[SourceQuality "1"]

1. Nf3 {Kramnik has lately more and more often avoided a heated theoretical struggle and relied on his experience and positional understanding.} ({In Stavanger we saw also} 1. d4 Nf6 2. Bf4 d5 3. e3 e6 4. c3 c5 5. Nd2 Nc6 6. Bd3 Bd6 7. Bxd6 Qxd6 8. f4 $1 {with a good version of the Stonewall:} cxd4 9. cxd4 O-O 10. a3 Ne7 11. Ngf3 Qb6 12. Qb3 Qxb3 13. Nxb3 b6 14. Rc1 Bd7 15. Ke2 Nc8 16. Ne5 Ba4 17. Nd2 Nd6 18. b3 Bb5 19. Bxb5 Nxb5 20. a4 Nd6 21. Rc6 Rfd8 22. Ra1 Nfe8 23. a5 $36 {Kramnik,V (2801)-Grandelius,N (2649) Stavanger 2016}) 1... e6 2. g3 b5 3. e3 $5 {A very rare move.} ({White usually without second thought continues} 3. Bg2 Bb7 4. O-O {, after} Nf6 {the most popular alternative is} 5. d3 {, striving for structures from the King's Indian Reversed. With the text move Kramnik gains a tempo to build up a position, resembling the Queen's Indian.}) 3... a6 4. Bg2 ({Also interesting is} 4. a4 $5 b4 5. Bg2 Bb7 6. d3 c5 7. Nbd2 Nf6 8. e4 d6 (8... Be7 9. e5 Nd5 $13) 9. O-O Nbd7 (9... Be7 $142) 10. Nc4 Be7 11. Bf4 e5 12. Bd2 O-O 13. Nh4 g6 14. Bg5 $14 d5 $2 15. exd5 Bxd5 16. Bxf6 Nxf6 17. Nxe5 Nh5 18. Bxd5 Qxd5 19. Nhf3 Bf6 20. Nc4 $16 {Anikaev,Y (2460)-Korzubov,P (2450) Minsk 1983 White went on to convert his extra pawn.}) 4... Bb7 5. O-O Nf6 6. b3 c5 $146 {The few examples here arose mostly via a different move order.} ({The choice of alternatives is still a matter of taste; a fully playable one is} 6... Be7 7. Bb2 O-O 8. Qe2 c5 9. c4 d5 10. d4 Nbd7 11. cxd5 Nxd5 12. Nbd2 Rc8 13. Rac1 cxd4 14. Nxd4 Rxc1 15. Rxc1 Qa8 16. Bh3 (16. Bxd5 Bxd5 17. e4 Bb7 18. Rc7 Bc8 $1 $11 {[%cal Ye7d8,Ye7d6]} (18... Rd8 $2 19. Nxe6 $1 fxe6 20. Qg4 $18)) 16... N5f6 17. N2f3 Rc8 $11 {/, Giri,A (2734)-Ivanchuk,V (2753) Leon blitz 2013}) ({RR} 6... Be7 7. c4 O-O 8. Nc3 d5 9. cxd5 exd5 10. d4 Nbd7 11. Bb2 Bd6 12. Ne2 a5 13. a4 b4 14. Nf4 Re8 15. Nd3 Ne4 16. Rc1 Ba6 17. Re1 Rc8 18. Bh3 Rb8 19. Rc6 Rb6 20. Rxb6 cxb6 21. Nde5 {Tratar,M (2439)-Santos Latasa,J (2574) Trieste 2018 ½-½ (58)}) ({RR} 6... Be7 7. Bb2 c5 8. d3 d6 9. Nbd2 O-O 10. e4 Nbd7 11. a4 Qc7 12. Qe2 Rfc8 13. Rfc1 Bc6 14. axb5 axb5 15. d4 b4 16. dxc5 Nxc5 17. e5 dxe5 18. Nxe5 Bxg2 19. Kxg2 Qb7+ 20. Qf3 Qxf3+ 21. Kxf3 {Niemann,H (2297)-Lin,A (2144) Las Vegas 2017 ½-½ (64)}) 7. c4 Be7 8. Nc3 {The players are gradually entering almost unexplored territory.} ({Apart from the text White has mostly tried} 8. Qe2 O-O 9. Bb2 {- 6...e7}) 8... O-O {The simplest, Black doesn't have to protect b5 yet.} ({Releasing the tension} 8... b4 9. Na4 d6 {seems a bit premature due to} 10. d4 Nbd7 11. d5 $5 (11. Bb2 O-O 12. Nd2 Bxg2 13. Kxg2 {Tomashevsky,E (2523)-Ostrovskiy,A (2297) Serpukhov 2004} Qc7 $11 {[%csl Ra4]}) 11... e5 12. Nh4 g6 13. e4 O-O 14. Bh6 (14. Nb2 $142 $14) 14... Re8 15. Nb2 $6 Nh5 (15... Nxe4 $1 16. Bxe4 Bxh4 $15) 16. Nf5 Bf8 17. Bxf8 Nxf8 18. Nd3 $14 {,Stokke,K (2385)-Susak,Z (2200) Split 2013/ Here the King's Indian structure is advantageous for White.}) (8... Qa5 9. Bb2 O-O 10. Qe2 (10. d4 $5 {is more ambitious}) 10... Nc6 11. Rfb1 bxc4 12. bxc4 Rab8 13. d3 Ba8 14. a3 Rfc8 15. Qc2 Nd8 16. Bc1 d6 17. Bd2 Qc7 18. Rxb8 Rxb8 19. Rb1 Bc6 20. Rxb8 Qxb8 21. Ne1 Bxg2 22. Kxg2 Qb7+ 23. f3 Nd7 24. Qb1 Qxb1 25. Nxb1 Nc6 $11 {Karpov,A (2770)-Kamsky,G (2735) FIDE WCh Elista 1996}) (8... Qb6 9. d4 O-O 10. d5 $5 (10. Qe2 Ne4 11. Bb2 d6 12. dxc5 Qxc5 13. Rac1 b4 14. Na4 Qc7 15. Rfd1 Nd7 16. Qe1 Rab8 17. a3 bxa3 18. Bxa3 Ndc5 19. Nxc5 dxc5 20. Bb2 Bf6 21. Bxf6 Nxf6 22. Qc3 Be4 23. Nd2 Bxg2 24. Kxg2 Rfd8 $11 {Georgiev,K (2648)-Gloor,R (2335) Zuerich 2013}) 10... exd5 11. cxd5 d6 12. e4 Nbd7 13. h3 {[%csl Gd5,Ge4] } Rfe8 14. Be3 Bf8 15. Nd2 g6 16. a4 Bg7 17. Qc2 Rab8 18. Rfc1 Nh5 19. axb5 axb5 20. g4 Nhf6 21. b4 Ba6 22. Nb3 h5 23. g5 Nh7 24. Qd2 Rec8 25. f4 $16 {Banusz,T (2585)-Goganov,A (2604) Riga 2014}) 9. d4 $5 $146 {[%csl Gc4,Gd4][%mdl 8] A natural novelty: White occupies the centre himself rather than letting his opponent get there before him.} ({After} 9. Qc2 Nc6 10. Rd1 d5 {it's already late for} 11. d4 $2 bxc4 12. bxc4 dxc4 13. dxc5 Qa5 14. Rb1 Nb4 15. Qa4 Qxc5 16. a3 Nbd5 17. Qc2 Nxc3 18. Qxc3 Be4 19. Nd2 Rad8 20. Bb2 Bxb1 21. Rxb1 Rd3 $19 {Zygouris,H (2218)-Melia,S (2403) Caleta 2013}) (9. cxb5 axb5 10. Nxb5 $2 Ba6 $17) 9... d5 {[%csl Gc5,Gd5] An equally logical reaction.} (9... Qb6 {- 8...b6}) ({After} 9... cxd4 10. exd4 {the hanging pawns are more an asset than a drawback, e.g.} d6 11. d5 $5 b4 12. Na4 exd5 13. Nd4 $44 {}) 10. cxd5 Nxd5 11. Nxd5 (11. Bb2 Nxc3 12. Bxc3 Nd7 $11 {, but even the text doesn't give White anything tangible.}) 11... Bxd5 12. dxc5 Bxc5 {Playable, but Black didn't have to move his bishop again.} (12... Nd7 $5 $11 {} 13. b4 a5) 13. Qe2 Nd7 14. Rd1 Qe7 15. Bb2 (15. e4 Bb7 16. Bg5 f6 $11) 15... Rac8 16. Rac1 Bb7 $6 {[%mdl 32] An unnecessary retreat, after which Black's position starts deteriorating.} (16... Nf6 17. Ne5 $5 Bxg2 18. Kxg2 $14) ({However, White's risk-free strategy (after a heavy loss with Carlsen in the previous round) hasn't given him much and the natural} 16... Rfd8 $1 $11 {retains symmetry and approximate equality.}) 17. Ng5 $1 $14 Bxg2 18. Kxg2 {[%cal Rg5h7,Re2d3,Yg5e4,Ye2h5]} f5 $6 {Radically prevents both e4 and g4, but weakens the kingside.} (18... Nb6 $142 19. Qg4 $1 ({The forcing line} 19. Qh5 h6 20. Ne4 Ba3 21. Nf6+ $5 gxf6 22. Bxa3 Qxa3 23. Rd4 f5 $1 24. Qxh6 Qe7 25. Rh4 f6 {leads only to a perpetual after} 26. Qh8+ Kf7 27. Rh7+ Kg6 28. Rh6+ $11) {and only now} 19... f5 (19... h6 $143 $6 20. Ne4 f5 21. Qxg7+ Qxg7 22. Bxg7 $36) 20. Qh5 h6 21. Nf3 Nd5 22. Qg6 Qf7 $14 {Black is worse, but his position remains defensible.}) (18... h6 $6 19. Ne4 $36) (18... Rfd8 $2 {runs into} 19. Qh5 h6 20. Ne4 Bb4 21. Rxd7 $1 Qxd7 22. Qg4 f5 23. Nf6+ Kf7 (23... Kh8 24. Qg6 $18) 24. Qh5+ g6 25. Qxh6 Qb7+ 26. Kh3 $1 Rh8 27. Nh7 $18 {}) (18... Qxg5 19. Rxd7 $14) 19. e4 $5 {Active play, Kramnik opens the centre even more.} ({Komodo indicates an alternative solution} 19. Qf3 Rc7 20. Nh3 $1 {[%cal Yh3f4] } e5 $6 {[%csl Re5,Rf5]} 21. b4 Bb6 22. Qd5+ Rf7 23. a3 $16) 19... h6 (19... f4 20. Qg4 fxg3 21. f4 $1 Be3 22. Rxc8 Rxc8 23. Qxe6+ Qxe6 24. Nxe6 $16) (19... e5 $142 $5 20. Nf3 Rcd8 21. a4 $36) 20. Nf3 (20. Nh3 $5 {[%cal Yh3f4] also deserved attention.}) 20... Nf6 (20... f4 21. Rc2 $14 ({and} 21. Nh4 $5 $36 {are unpleasant for Black, but now he loses material.})) 21. exf5 exf5 22. Qxe7 Bxe7 23. Nd4 Rxc1 (23... g6 $2 24. Nc6 $18) (23... f4 24. Ne6 $16 (24. Nf5 $16)) 24. Rxc1 Nd5 25. Ne6 Rf7 26. Rc8+ Kh7 27. Ra8 f4 ({Po} 27... Nb4 $2 28. Ra7 $18 {[%cal Re6d8]}) (27... Bf6 28. Bxf6 Nxf6 (28... Rxf6 $2 29. Nf8+) 29. a3 $5 $16 {White stops b4, the a6 won't run away.}) 28. Rxa6 {White gains a healthy pawn with excellent winning chances.} ({However,} 28. Bxg7 $5 Rxg7 29. Nxg7 Kxg7 30. Ra7 $1 {[%cal Ra7d7] was also very strong. This intermediate move forces Black's king to abandon the h6 and after} Kf7 31. Rxa6 {there is no time for the blockading b4. White should win the resulting endgame after} h5 32. a4 bxa4 33. bxa4 $16 {/+-}) 28... fxg3 {Simplifies the position, but also White's task.} (28... f3+ 29. Kf1 (29. Kh3 $5) 29... Bf6 30. Bxf6 Rxf6 31. a3 Nc3 $16 {offered more practical chances}) 29. hxg3 Bf6 30. Bc1 (30. Bxf6 Rxf6 31. a3 $16 {is also good; somewhat later White will return to the idea of the bishop swap.}) 30... Re7 (30... Nb4 31. Ra5 Bc3 32. Be3 $16) 31. Rd6 Nc3 32. a3 Kg8 33. Bb2 $1 Ra7 ({A more resilient try was} 33... Ne4 $142 34. Bxf6 gxf6) 34. Rc6 Nd5 (34... Ne4 35. Bxf6 gxf6 36. Rc8+ Kf7 37. Rc7+ Rxc7 38. Nxc7 Nc3 39. Kf3 Ke7 40. Ke3 Kd7 41. Kd3 b4 (41... Nd1 42. Nxb5 Nxf2+ 43. Ke3 $18) 42. Na6 $18) (34... Nb1 35. Bxf6 gxf6 36. Nd4 Nxa3 37. Rxf6 Rd7 38. Nf5 $16 {/+-}) 35. Bxf6 Nxf6 (35... gxf6 36. Rc5 b4 (36... Ne7 37. Rc7 $18) 37. Rxd5 (37. a4 $5 $18) 37... bxa3 38. Rd1 $18) 36. Rc7 $1 Rxa3 (36... Rxc7 37. Nxc7 $18 {[%csl Rb5] However, even now Black loses another pawn.}) 37. Rxg7+ Kh8 38. Rg6 Ne4 (38... Ng8 39. Nd4 b4 40. Rb6 $18 {[%csl Rb4]}) 39. Rxh6+ Kg8 40. Rh4 $18 {Stops any possible action against f2, the rest requires no comment.} Nd2 41. b4 Nc4 42. Nc7 Ra2 43. Re4 Nd6 44. Rd4 Nf5 45. Rd8+ Kf7 46. Nxb5 Rb2 47. Rd3 (47. Rd3 Rxb4 48. Nd6+ $18 {is a trivially won rook endgame.}) 1-0

[Event "Saint Louis Ultimate Blitz Challenge"]
[Site "Saint Louis"]
[Date "2016.04.28"]
[Round "2"]
[White "Caruana, Fabiano"]
[Black "So, Wesley"]
[Result "1-0"]
[WhiteElo "2795"]
[BlackElo "2773"]
[PlyCount "77"]
[EventDate "2016.04.28"]
[EventType "tourn (blitz)"]
[EventRounds "18"]
[EventCountry "USA"]
[EventCategory "22"]
[SourceTitle "CBM 172 Extra"]
[Source "ChessBase"]
[SourceDate "2016.06.21"]
[SourceVersion "1"]
[SourceVersionDate "2016.06.21"]
[SourceQuality "1"]

1. Nf3 d5 2. g3 Bg4 3. Bg2 c6 4. O-O Nf6 5. d3 Nbd7 6. h3 Bxf3 7. Bxf3 e5 8. e4 dxe4 9. dxe4 Bc5 10. Bg2 ({RR} 10. Nd2 Qe7 11. a4 a5 12. Qe2 O-O 13. Nc4 Qe6 14. Kg2 Nb6 15. Ne3 Rfd8 16. b3 Nc8 17. Bb2 Bd4 18. Rad1 Nd6 19. Bxd4 exd4 20. Rxd4 Ndxe4 21. Rxd8+ Rxd8 22. Nc4 b5 23. axb5 cxb5 24. Nxa5 Rd2 {Kramnik,V (2808)-Tomashevsky,E (2731) Moscow 2016 ½-½ (108)}) ({RR} 10. Nd2 O-O 11. a4 a5 12. Qe2 Qe7 13. Bg2 Ne8 14. Rd1 Nd6 15. Nb3 Bb6 16. Qd3 Bc7 17. Bd2 b6 18. Qc3 c5 19. Be3 Nf6 20. Nd2 h6 21. Qd3 Rfd8 22. Qe2 Qe6 23. b3 Nc8 24. Bf1 Nd6 {Vokhidov,S (2670)-Sukiasyan,V (2399) Moscow RUS 2025 ½-½ (70)}) 10... O-O 11. a4 a5 12. Nd2 b5 $146 ({RR} 12... Qe7 13. Nb3 Bb6 14. Qe2 Nc5 15. Nxc5 Bxc5 16. Rd1 Rfd8 17. Bd2 Qe6 18. Be1 h5 19. Rxd8+ Rxd8 20. Bxa5 Ra8 21. Be1 g6 22. b4 Ba7 23. Rd1 Ne8 24. Qd3 h4 25. g4 Qf6 26. a5 Ng7 27. Qd7 {Bosiocic,M (2563)-Kuybokarov,T (2602) chess.com INT 2024 ½-½ (45)}) ({RR} 12... Qe7 13. Nb3 Bb6 14. Qe2 Nc5 15. Nxc5 Bxc5 16. Rd1 Rfd8 17. Bd2 Qe6 18. Be1 h5 19. Rxd8+ Rxd8 20. Bxa5 Ra8 21. Be1 g6 22. b4 Ba7 23. Rd1 Ne8 24. Qd3 h4 25. g4 Qf6 26. a5 Ng7 27. Qd7 {Bosiocic,M (2563)-Kuybokarov,T (2602) chess.com INT 2024 ½-½ (45)}) 13. Qe2 Qb8 14. h4 Rd8 15. Bh3 Be7 16. Nb3 Nc5 17. Nxc5 Bxc5 18. Bg5 Be7 19. b3 h6 20. Bd2 Qb6 21. Rfd1 Bc5 22. Be1 Rxd1 23. Rxd1 bxa4 24. bxa4 Rd8 25. Rxd8+ Qxd8 26. Qd3 Qb6 27. Kg2 Bd4 28. Bc8 Qb8 29. Ba6 Nd7 30. Bc4 Qc7 31. Qf3 Nf6 32. g4 Kh8 33. g5 hxg5 34. hxg5 Nh7 35. Bxf7 Qe7 36. g6 Qg5+ 37. Kf1 Nf6 38. Qh3+ Nh5 39. Qc8+ 1-0

[Event "Hasselbacken op"]
[Site "Stockholm"]
[Date "2016.05.05"]
[Round "6"]
[White "Mikhalevski, Victor"]
[Black "Postny, Evgeny"]
[Result "1-0"]
[WhiteElo "2516"]
[BlackElo "2673"]
[PlyCount "103"]
[EventDate "2016.04.30"]
[EventType "swiss"]
[EventRounds "9"]
[EventCountry "SWE"]
[SourceTitle "CBM 172 Extra"]
[Source "ChessBase"]
[SourceDate "2016.06.21"]
[SourceVersion "1"]
[SourceVersionDate "2016.06.21"]
[SourceQuality "1"]

1. Nf3 d5 2. g3 c6 3. Bg2 Bg4 4. O-O Nd7 5. d3 Ngf6 6. h3 Bh5 7. c4 e6 8. cxd5 cxd5 ({RR} 8... exd5 9. e4 dxe4 10. dxe4 Nc5 11. Nc3 Qxd1 12. Rxd1 Be7 13. g4 Bg6 14. Nh4 Nfxe4 15. Nxe4 Bxe4 16. Bxe4 Bxh4 17. Bg2 Ne6 18. Be3 Ke7 19. f4 Rhd8 20. f5 Bg5 21. Re1 {1-0 (21) Tomashevsky,E (2758)-Bogdanovich,S (2590) Berlin 2015}) ({RR} 8... exd5 9. e4 dxe4 10. dxe4 Nc5 11. Nc3 Be7 12. g4 Qxd1 13. Rxd1 Bg6 14. Ne5 Bxe4 15. Nxe4 Nfxe4 16. Re1 Nd6 17. Nxc6 Ne6 18. Nxe7 Kxe7 19. b3 Rhd8 20. Ba3 Rd7 21. Rad1 Rad8 22. Rd2 Ke8 23. f4 {Mikhalevski,V (2516)-Dziuba,M (2556) Chess.com INT 2017 1-0 (58)}) 9. g4 ({RR} 9. Nc3 Bc5 10. Bg5 h6 11. Bxf6 Nxf6 12. b4 Be7 13. g4 Bg6 14. Qa4+ Kf8 15. Rac1 Bh7 16. e4 g5 17. exd5 exd5 18. Ne5 Qd6 19. d4 Kg7 20. Qb5 Qxb4 21. Qxb4 Bxb4 22. Nxd5 Nxd5 23. Bxd5 Rad8 {Laurent,J (2197)-Lemmers,O (2349) Belgium BEL 2025 ½-½ (42)}) 9... Bg6 10. Bf4 Nb6 $146 ({RR} 10... Be7 11. Nbd2 O-O 12. Rc1 Qb6 13. Nb3 Rfc8 14. Qd2 Bb4 15. Qe3 Qa6 16. a3 Bf8 17. Rxc8 Rxc8 18. Rc1 b6 19. Nbd4 Ne8 20. b4 Rxc1+ 21. Qxc1 Qb7 22. Nc6 a5 23. bxa5 bxa5 24. Nxa5 Qb6 25. Bd2 {Aronyak,G (2547)-Laxman,R (2310) Bhubaneswar IND 2024 1-0 (71)}) ({RR} 10... Be7 11. Nbd2 O-O 12. Rc1 Qb6 13. Nb3 Rfc8 14. Qd2 Bb4 15. Qe3 Qa6 16. a3 Bf8 17. Rxc8 Rxc8 18. Rc1 b6 19. Nbd4 Ne8 20. b4 Rxc1+ 21. Qxc1 Qb7 22. Nc6 a5 23. bxa5 bxa5 24. Nxa5 Qb6 25. Bd2 {Aronyak,G (2547)-Laxman,R (2310) Bhubaneswar IND 2024 1-0 (71)}) 11. Nc3 Bd6 12. Bxd6 Qxd6 13. Nb5 Qd8 14. Rc1 O-O 15. Qb3 Ne8 16. Rc2 a6 17. Nc7 Nxc7 18. Qxb6 Nb5 19. Qxd8 Rfxd8 20. Rfc1 f6 21. Kf1 Kf8 22. a4 Nd6 23. Nd4 Ke7 24. Rc7+ Rd7 25. f4 Rad8 26. h4 Bf7 27. R7c5 Ne8 28. b4 Kd6 29. Kf2 g6 30. Bh3 e5 31. fxe5+ fxe5 32. Nf3 Ng7 33. e4 Be6 34. Kg3 Rf8 35. Bg2 h6 36. a5 Bg8 37. Re1 Re7 38. d4 exd4 39. e5+ Kd7 40. Nxd4 Rc8 41. e6+ Nxe6 42. Rxd5+ Ke8 43. Rde5 Rc3+ 44. Kh2 Kd7 45. Bd5 Rh3+ 46. Kxh3 Nf4+ 47. Kg3 Rxe5 48. Rxe5 Nxd5 49. h5 Kd6 50. Re8 Bf7 51. Rf8 Ke7 52. Rb8 1-0

[Event "Titled Tuesday intern op 3rd May"]
[Site "Chess.com INT"]
[Date "2016.05.03"]
[Round "4"]
[White "Pantsulaia, Levan"]
[Black "Chadaev, Nikolay"]
[Result "1-0"]
[WhiteElo "2613"]
[BlackElo "2591"]
[PlyCount "75"]
[EventDate "2016.05.03"]
[EventType "swiss (blitz)"]
[EventRounds "9"]
[EventCountry "USA"]
[SourceTitle "EXT 2021"]
[Source "ChessBase"]
[SourceDate "2020.10.23"]
[SourceVersion "1"]
[SourceVersionDate "2020.10.23"]
[SourceQuality "1"]

1. Nf3 {Bulletin} Nf6 2. g3 b5 3. Bg2 Bb7 4. b3 ({RR} 4. Na3) ({RR} 4. c3) 4... e6 5. c4 ({RR} 5. Bb2) 5... bxc4 6. bxc4 Be7 7. Nc3 c5 8. Rb1 Bc6 9. O-O O-O 10. e3 d6 $146 ({RR} 10... Ne4 11. Bb2 Nxc3 12. Bxc3 Qc7 13. Ne5 Bxg2 14. Kxg2 Nc6 15. Nxc6 Qxc6+ 16. Qf3 d5 ({RR} 16... Qxf3+ 17. Kxf3 Rab8 18. Ba5) 17. Rb3 Rab8 18. Rfb1 Rb6 19. Rb5 Bd8 20. d3 Ra6 21. R1b2 Bb6 22. cxd5 exd5 23. d4 cxd4 24. Bxd4 Bxd4 25. exd4 {Kochyev,A (2555)-Makarichev,S (2495) Ashkhabad 1978 MCL [Bulletin] ½-½}) ({RR} 10... Qa5 11. Bb2 Na6 {½-½ (11) Kochyev,A (2427)-Veingold,A (2480) Jarvenpaa 2003}) 11. d4 Ne4 12. Ne2 Bf6 13. Qc2 Qc8 14. Nf4 Na6 15. d5 exd5 16. cxd5 Nc3 17. dxc6 Nb4 18. Rxb4 cxb4 19. Bb2 Rb8 20. Bxc3 Bxc3 21. Nd5 Re8 22. Nxc3 Qxc6 23. Ng5 Qxc3 24. Qxh7+ Kf8 25. Qf5 Re7 26. h4 Qe5 27. Qd3 Rc7 28. Rd1 a5 29. Bd5 a4 30. Qh7 Rbc8 31. Bxf7 Rc1 32. Rxc1 Rxc1+ 33. Kg2 Rc7 34. Qg8+ Ke7 35. Bd5 Qf6 36. Qb8 Rc2 37. Qa7+ Ke8 38. Qxa4+ 1-0

[Event "Titled Tuesday intern op 3rd May"]
[Site "Chess.com INT"]
[Date "2016.05.03"]
[Round "7"]
[White "Fressinet, Laurent"]
[Black "Vovk, Yuri"]
[Result "1-0"]
[WhiteElo "2692"]
[BlackElo "2594"]
[PlyCount "129"]
[EventDate "2016.05.03"]
[EventType "swiss (blitz)"]
[EventRounds "9"]
[EventCountry "USA"]
[SourceTitle "EXT 2021"]
[Source "ChessBase"]
[SourceDate "2020.10.23"]
[SourceVersion "1"]
[SourceVersionDate "2020.10.23"]
[SourceQuality "1"]

1. g3 d5 2. Bg2 c6 3. Nf3 Bg4 4. O-O Nd7 5. d3 Bxf3 ({RR} 5... Qc7 6. Qe1 O-O-O 7. e4 e6 8. a4 Bxf3 9. Bxf3 h5 10. Nd2 h4 11. d4 f5 12. exd5 exd5 13. c4 hxg3 14. fxg3 Ngf6 15. cxd5 Re8 16. Qf2 cxd5 17. Nb3 Bd6 18. Bg5 Kb8 19. Rac1 Qd8 20. Nc5 {Berkes,F (2706)-Szabo,Z (2432) Hungary 2012 1-0 (34)}) 6. Bxf3 e6 ({RR} 6... Ngf6 7. Bg2 e5 8. e4 dxe4 9. dxe4 Bc5 10. Nd2 O-O 11. Qe2 Qe7 12. Nf3 Rfe8 13. Nh4 g6 14. Bh3 Nf8 15. c3 a5 16. a4 Ne6 17. Nf3 Qc7 18. Qc4 Bf8 19. Be3 h5 20. Nh4 Ng4 21. Bxg4 {Moreno Ruiz,J (2426)-Demerson Joly,J (1959) Madrid 2021 1-0}) 7. Bg2 $146 ({RR} 7. Nd2 Ngf6 {½-½ (7) Sutkovic,D (2322)-Muratovic,E (2247) Zenica 2014}) 7... g6 8. e4 dxe4 9. dxe4 Bg7 10. Kh1 Ngf6 11. f4 e5 12. Nc3 O-O 13. f5 Nb6 14. Qf3 Qd4 15. a3 Nc4 16. Rd1 Qc5 17. b3 Nb6 18. b4 Qe7 19. Be3 Rfd8 20. Qe2 Rxd1+ 21. Rxd1 Rd8 22. Bc5 Qe8 23. a4 Bf8 24. fxg6 hxg6 25. Rb1 Qe6 26. Be3 Nc4 27. Bg5 Rd4 28. Nd1 Be7 29. c3 Rd8 30. Nf2 Nb6 31. a5 Nc8 32. Bh3 Qd6 33. Rd1 Qc7 34. Rxd8+ Qxd8 35. Qd3 Qxd3 36. Nxd3 Nxe4 37. Bxc8 Nxg5 38. Bxb7 e4 39. Nc1 c5 40. b5 c4 41. b6 Bc5 42. Bc6 axb6 43. a6 b5 44. Bxb5 f5 45. Bxc4+ Kf8 46. Nb3 Ba7 47. Nd4 Nf3 48. Nc6 Nd2 49. Be2 Bc5 50. h4 Nb1 51. a7 Bxa7 52. Nxa7 Nxc3 53. Bc4 Ke7 54. Kg2 Kf6 55. Nb5 Nxb5 56. Bxb5 g5 57. h5 Kg7 58. Bd7 f4 59. g4 Kh6 60. Bf5 e3 61. Kf3 Kg7 62. Bd3 Kh6 63. Be2 Kg7 64. Ke4 Kh6 65. Kf5 1-0

[Event "Titled Tuesday intern op1 3rd May"]
[Site "Chess.com INT"]
[Date "2016.05.03"]
[Round "3"]
[White "Fressinet, Laurent"]
[Black "Shaposhnikov, Evgeny"]
[Result "1-0"]
[WhiteElo "2692"]
[BlackElo "2545"]
[PlyCount "51"]
[EventDate "2016.05.03"]
[EventType "swiss (blitz)"]
[EventRounds "9"]
[EventCountry "USA"]
[SourceTitle "EXT 2021"]
[Source "ChessBase"]
[SourceDate "2020.10.23"]
[SourceVersion "1"]
[SourceVersionDate "2020.10.23"]
[SourceQuality "1"]

1. Nf3 c5 2. g3 Nc6 3. Bg2 g6 4. O-O Bg7 5. c3 d5 6. d4 cxd4 ({RR} 6... Nf6 7. dxc5 O-O 8. Nbd2 e5 9. Nb3 Be6 10. Bg5 h6 11. Bxf6 Qxf6 12. Nfd2 Qe7 13. e4 Rad8 14. exd5 Bxd5 15. Bxd5 Rxd5 16. Qe2 f5 17. Rad1 e4 18. Nc4 Rfd8 19. f4 Qe6 20. Nd6 b6 21. Qc4 {Fressinet,L (2700)-Haussernot,C (2190) Chess.com INT 2016 1-0 (54)}) 7. cxd4 Nh6 8. Ne5 ({RR} 8. Nc3 Nf5 9. e3 O-O 10. b3 Re8 11. Bb2 e6 12. Rc1 Bd7 13. Ne1 Rc8 14. Nd3 b6 15. Qe2 a6 16. Na4 Nd6 17. Rc2 Na7 18. Rfc1 Bxa4 19. bxa4 Nc4 20. Ne5 b5 21. axb5 axb5 22. Bc3 Qd6 {Caruana,F (2804)-Vachier Lagrave,M (2789) Leuven 2016 0-1 (51)}) ({RR} 8. Nc3 Nf5 9. e3 O-O 10. Bd2 e6 11. a3 Bd7 12. b4 Rc8 13. Rc1 Nd6 14. Na4 b6 15. Nb2 Qe7 16. Qb3 b5 17. Ne1 Nc4 18. Nxc4 dxc4 19. Qb1 Rfd8 20. f4 Be8 21. Bc3 Qc7 22. Nf3 Ne7 {Sooraj,M (2154)-Goryachkina,A (2544) chess.com INT 2025 0-1 (62)}) 8... Nf5 9. Nxc6 $146 ({RR} 9. e3 e6 10. Nxc6 bxc6 11. Qc2 Qd7 12. Bd2 O-O 13. Nc3 e5 14. dxe5 Bxe5 15. Na4 Ne7 16. Bb4 Rb8 17. Bc3 f6 18. Rad1 Qg4 19. Bxe5 fxe5 20. Nc5 e4 21. Qc3 Qh5 22. h3 Bxh3 23. Bxh3 Qxh3 {Borisova,B (2170)-Garcia Padron,M (2115) Luzern 1982 0-1}) 9... bxc6 10. e3 h5 11. Nc3 O-O 12. b3 h4 13. Ba3 hxg3 14. hxg3 Bf6 15. Rc1 Kg7 16. e4 Nxd4 17. exd5 Qa5 18. Ne4 Qxa3 19. Nxf6 exf6 20. Qxd4 Ba6 21. Rfe1 cxd5 22. Rc6 Bb7 23. Rxf6 Kg8 24. Rf4 Rae8 25. Rxe8 Rxe8 26. Rh4 1-0

[Event "Cetinje op"]
[Site "Cetinje"]
[Date "2016.05.09"]
[Round "8"]
[White "Popovic, Dusan"]
[Black "Kosic, Dragan"]
[Result "1-0"]
[WhiteElo "2539"]
[BlackElo "2507"]
[PlyCount "121"]
[EventDate "2016.05.04"]
[EventType "swiss"]
[EventRounds "9"]
[EventCountry "MNE"]
[SourceTitle "CBM 172 Extra"]
[Source "ChessBase"]
[SourceDate "2016.06.21"]
[SourceVersion "1"]
[SourceVersionDate "2016.06.21"]
[SourceQuality "1"]

1. Nf3 d5 2. g3 c6 3. Bg2 Bg4 4. O-O Nd7 5. d3 Ngf6 6. Nbd2 e5 7. h3 Bh5 8. e4 dxe4 9. dxe4 Bc5 10. Qe1 O-O 11. Nb3 Bb6 12. a4 a5 13. Nfd2 Nc5 14. Nxc5 Bxc5 15. Nc4 Qc7 16. Kh1 Rfe8 17. Bd2 b6 18. f3 Bg6 $146 ({RR} 18... Nd7 19. b4 axb4 20. Bxb4 b5 21. Bxc5 Nxc5 22. axb5 cxb5 23. Ne3 Ne6 24. Qb4 Nd4 25. g4 Bg6 26. c3 Ne6 27. Nd5 Qc5 28. Qxc5 Nxc5 29. Rxa8 Rxa8 30. Rb1 h5 31. Bf1 Ne6 32. Rb2 Ra1 33. Kg2 {Kozul,Z (2594)-Ragger,M (2540) Budva 2009 1-0 (53)}) 19. b4 axb4 20. Bxb4 Qe7 21. c3 Ra6 22. Qd2 Bxb4 23. cxb4 Nh5 24. Kh2 Rd8 25. Qc3 Re8 26. Rfd1 h6 27. a5 bxa5 28. Rxa5 Rxa5 29. bxa5 Qc5 30. Rc1 Ra8 31. Qxe5 Qxe5 32. Nxe5 Rxa5 33. Nxc6 Ra2 34. Ne7+ Kh7 35. Nd5 Nf6 36. Nxf6+ gxf6 37. Rc5 h5 38. h4 Kg7 39. Kg1 Ra3 40. Rd5 Rb3 41. Kf2 Rb2+ 42. Kf1 Ra2 43. Bh3 Rb2 44. Ke1 Ra2 45. Bf1 Kf8 46. Be2 Kg7 47. Kf2 Ra3 48. Bd3 Ra2+ 49. Ke3 Rg2 50. Bf1 Ra2 51. f4 Ra3+ 52. Bd3 Kh6 53. f5 Bh7 54. Kf4 Ra2 55. Ke3 Ra3 56. Rd4 Bg8 57. Kf2 Rb3 58. Rd6 Kg7 59. Be2 Rb2 60. Ke3 Rb3+ 61. Kf4 1-0